Best Football Clubs from Each League - Statistics

General Stats
  • This quiz has been taken 129 times
  • The average score is 12 of 20
Answer Stats
Hint Answer % Correct
Bundesliga Bayern Munich
97%
La Liga Real Madrid
97%
Ligue 1 Paris Saint-Germain
96%
Eredivise (Netherlands) Ajax
95%
Premier League Liverpool
95%
Serie A Inter Milan
93%
Primeira Liga (Portugal) Porto
91%
Super Lig (Turkey) Galatasaray
71%
Scottish Premier League Rangers
65%
Super League Greece Olympiakos
56%
SuperLiga (Serbia) Red Star Belgrade
54%
Primera Division (Argentina) River Plate
53%
Russian Premier League Zenit Saint Petersburg
53%
First Football League (Croatia) Dinamo Zagreb
47%
Bundesliga (Austria) RB Salzburg
37%
Ukrainian Premier League Shakhtar Donetsk
37%
Fortuna Liga (Czechia) Slavia Prague
36%
Egyptian Premier League Al Ahly
25%
Brasileirão (Brazil) Atletico Mineiro
13%
Persian Gulf Pro League Persepolis
8%
No matching quizzes found
Score Distribution
Percent of People with Each Score
Percentile by Number Answered
Your Score History
You have not taken this quiz